000 00441nam a2200133Ia 4500
008 100328s9999 xx 000 0 und d
082 _b73504
100 _aकवळेकर कुंदा.
245 _aएक पूर्ण कहाणी.
260 _bविभासा पुस्तक महाल.
630 _aएक पूर्ण कहाणी.
730 _aएक पूर्ण कहाणी.
942 _cBOOK
999 _c559225
_d559222